| 000 | 00633nam a22001937a 4500 | ||
|---|---|---|---|
| 999 |
_c10865 _d10865 |
||
| 003 | AR-CdUCM | ||
| 008 | 190402b ||||| |||| 00| 0 spa d | ||
| 040 |
_aMUNICIPALIDAD PROVINCIAL DEL CUSCO _cBIBLIOTECA MUNICIPAL DEL CUSCO |
||
| 082 |
_a868.3 / _bV39 C / 1935. |
||
| 100 |
_aVega Carpio, Lope Félix de, _911856 |
||
| 245 | _aLa circe , Con otras rimas y prosas / | ||
| 260 |
_aSan Sebastián : _bTalleres offset, _c1935. |
||
| 300 |
_a 295 paginas ; _c21 cm. |
||
| 505 | _aContenido : Literatura | ||
| 650 |
_aLiteratura española _9362 |
||
| 650 |
_aProsas y versos europeos _927918 |
||
| 942 |
_2ddc _cLIBROS |
||
| 945 | _awnts | ||